000 00873cab a2200241 4500
001 ABS59307
008 090401t1998 xxu||||| |||| 00| 0 eng d
035 _a(Sirsi) u88820
041 _aeng
100 _aMascia, M,
245 _aConsider it built
260 _c1998
350 _a0
490 _aCSM
_bChartered Surveyor Monthly
_v8(1) September 1998, 36-37(2)
520 _aExplains how a form of building performance simulaton can benefit surveyors. Considers how the virtual construction of a building can allow the impact of design decisions to be evaluated before irreversible work is done.
650 _aBUILT ENVIRONMENT-CONSTRUCTION DESIGN
650 _aBUILDING PERFORMANCE
650 _aCOMPUTER AIDED DESIGN
650 _aVIRTUAL REALITY
690 _aMANAGEMENT-BUSINESS MANAGEMENT-INFORMATION MANAGEMENT
942 _n0
948 _c05/10/1998
999 _c56164
_d56164